Statistics for Rhyme Time

Click here to take the quiz!

General Stats

  • This quiz has been taken 71 times
    (70 since last reset)
  • The average score is 13 of 28

Answer Stats

HintAnswer% Correct
strange facial hairWeird Beard
93%
chilled precious metalCold Gold
86%
inexpensive off-road vehicleCheap Jeep
84%
lifeless cotDead Bed
81%
courageous cavernBrave Cave
72%
alternate child-bearerOther Mother
71%
cramped brawlTight Fight
66%
brief athletic eventShort Sport
64%
hirsute tinkerbellHairy Fairy
64%
Sick InvoiceIll Bill
62%
noisy vaporLoud Cloud
62%
bashful pastryShy Pie
60%
stagnant belugaStale Whale
53%
singular femurLone Bone
52%
shadowed womanShady Lady
48%
spherical pileRound Mound
47%
boring bovineDull Bull
43%
skeletal counterfeitBony Phony
38%
competent wireAble Cable
34%
witless cherubStupid Cupid
24%
pompous insectSmug Bug
22%
saggy whoremongerLimp Pimp
22%
lofty jumpSteep Leap
19%
chubby backsidePlump Rump
14%
dirty companionMuddy Buddy
12%
stout celebrationHardy Party
12%
heavy barricadeDense Fence
10%
capricious dilemmaFickle Pickle
5%

Score Distribution

Percentile by Number Answered

Percent of People with Each Score

Your Score History

You have not taken this quiz since the last reset